书目信息 |
| 题名: |
水产养殖尾水处理技术模式
|
|
| 作者: | ;全国水产技术推广总站组 编 | |
| 分册: | ||
| 出版信息: | 北京 中国农业出版社 2022.06 |
|
| 页数: | 201页 | |
| 开本: | 26cm | |
| 丛书名: | ||
| 单 册: | ||
| 中图分类: | S96 | |
| 科图分类: | ||
| 主题词: | 水产养殖--技术 | |
| 电子资源: | ||
| ISBN: | 7-109-29617-2 | |
| 000 | 00703nam0 2200193 450 | |
| 001 | 2360093335 | |
| 005 | 20230216164528.80 | |
| 010 | @a7-109-29617-2@dCNY58.00 | |
| 100 | @a20230216d2022 km y0chiy0120 ea | |
| 101 | 0 | @achi |
| 102 | @aCN@b110000 | |
| 200 | 1 | @a水产养殖尾水处理技术模式@AShui Chan Yang Zhi Wei Shui Chu Li Ji Shu Mo Shi@f全国水产技术推广总站组编@FQuan Guo Shui Chan Ji Shu Tui Guang Zong Zhan Zu Bian |
| 210 | @a北京@c中国农业出版社@d2022.06 | |
| 215 | @a201页@d26cm | |
| 606 | 0 | @a水产养殖@x技术 |
| 690 | @aS96@v4 | |
| 711 | 02 | @a全国水产技术推广总站组@AQuan Guo Shui Chan Ji Shu Tui Guang Zong Zhan Zu@4编 |
| 801 | 0 | @aCN@b大连网信软件有限公司图书馆·11@c20230216 |
| 905 | @aZUCC@dS96@e66 | |
| 水产养殖尾水处理技术模式/全国水产技术推广总站组编.-北京:中国农业出版社,2022.06 |
| 201页;26cm |
| ISBN 7-109-29617-2:CNY58.00 |
| ● |
| 相关链接 |
|
|
|
|
正题名:水产养殖尾水处理技术模式
索取号:S96/66
 
预约/预借
| 序号 | 登录号 | 条形码 | 馆藏地/架位号 | 状态 | 备注 |
| 1 | 1052688 | 210526885 | 第二样本阅览室/ [索取号:S96/66] | 在馆 |